[Event "Werner-Ott-Open Kreuzberger Sommer 2018"]
[Site "Berlin"]
[Date "2018.07.02"]
[Round "3.15"]
[White "Wierzbicki, Jirawat"]
[Black "Thau, Oliver"]
[Result "1-0"]
[WhiteElo "2161"]
[BlackElo "1844"]
[Annotator "Stockfish 221017 64 (1m)"]
[PlyCount "67"]
[EventDate "2018.06.30"]
[EventType "swiss"]
[EventRounds "9"]
[EventCountry "GER"]
[WhiteTeam "SK Koenig Tegel 1949"]
[BlackTeam "SV Babelsberg 03"]
[WhiteTeamCountry "GER"]
[BlackTeamCountry "GER"]

{[%mdl 8256] B06: Moderne Verteidigung} 1. e4 g6 2. d4 Bg7 3. c3 d6 4. Nf3 a6 (
4... Bg4 5. Bg5 Nd7 6. Nbd2 Ngf6 7. Bd3 O-O 8. h3 Bxf3 9. Nxf3 e5 10. O-O h6
11. Bh4 Qe8 12. Re1 Nh5 13. Bf1 g5 14. Bg3 Nxg3 15. fxg3 exd4 16. Nxd4 Qe5 17.
Nf5 Rfe8 18. Qh5 Qf6 19. Bc4 {Olafsson,H (2549)-Vogel,R (2417) Berlin Meierei
Bolle, WM Blitz 2015 1-0 (44)}) 5. h3 $146 (5. Bf4 Nd7 6. Nbd2 Ngf6 7. Qb3 O-O
8. Ng5 b5 9. Be2 Bb7 10. Qc2 c5 11. d5 h6 12. Ngf3 Nh5 13. Be3 e6 14. dxe6 fxe6
15. g4 Nf4 16. Rg1 Nxe2 17. Kxe2 e5 18. Ne1 c4 19. b3 Nc5 {Baer,A (1304)
-Koenig,F (1940), Berlin 2015, Klubmeisterschaft BSG Eckbauer 2015/16, 0-1})
5... e6 6. Bd3 Ne7 7. O-O h6 8. a4 b6 9. Nbd2 Bb7 10. Re1 Nd7 11. Qe2 O-O 12.
Nf1 Nc6 13. Ng3 e5 14. Be3 Kh7 15. Rad1 Qe8 16. h4 exd4 17. cxd4 Nb4 18. Bb1
Nf6 19. Bc1 Qxa4 20. h5 Rae8 21. e5 Bxf3 22. Qxf3 dxe5 23. dxe5 Nd7 24. hxg6+
fxg6 25. Bxg6+ $1 Kh8 26. Qh5 Rxe5 27. Rxe5 Nxe5 28. Bxh6 Nxg6 29. Rc1 Qe8 30.
Rxc7 Ne7 $4 31. Bxg7+ Kxg7 32. Qg5+ Kf7 33. Nf5 Nbd5 34. Nd6+ 1-0

[Event "Werner-Ott-Open Kreuzberger Sommer 2018"]
[Site "Berlin"]
[Date "2018.07.02"]
[Round "3.16"]
[White "Foerster, Jonas"]
[Black "Wunderlich, Fabian"]
[Result "1-0"]
[WhiteElo "2284"]
[BlackElo "1747"]
[Annotator "Stockfish 221017 64 (1m)"]
[PlyCount "59"]
[EventDate "2018.06.30"]
[EventType "swiss"]
[EventRounds "9"]
[EventCountry "GER"]
[WhiteTeam "SV Empor Berlin"]
[WhiteTeamCountry "GER"]

{[%mdl 8192] E16: Damenindisch (Hauptfortsetzung mit Lb4)} 1. d4 Nf6 2. Nf3 e6
3. c4 Bb4+ 4. Nbd2 b6 5. g3 Bb7 6. Bg2 O-O 7. O-O d6 $146 (7... Qc8 8. a3 Bxd2
(8... Be7 9. Qc2 c5 10. dxc5 bxc5 11. b3 a5 12. Bb2 h6 13. e4 d6 14. Ne1 Nc6
15. Nd3 Nd7 16. f4 Bf6 17. Nf3 e5 18. Bh3 Nd4 19. Bxd4 exd4 20. e5 Be7 21. exd6
Bxd6 22. Nfe5 f5 23. Rae1 {Reichenbach,W-Kauder,H, Berlin, BEM 1959 (BSV), 0-1
(36)}) 9. Qxd2 c5 10. b3 d6 11. Bb2 Rd8 12. Nh4 Bxg2 13. Kxg2 Qb7+ 14. f3 Qe7
15. d5 Nbd7 16. e4 Nf8 17. Rae1 Ng6 18. Nxg6 hxg6 19. dxe6 Qxe6 20. Re3 Ne8 21.
Rd3 Rdb8 22. a4 {Delander,A-Mueller,K, Berlin, BEM 1982 (BSV) Klasse M, ½-½})
8. Nb3 d5 9. c5 bxc5 10. dxc5 Nbd7 11. Qc2 c6 12. a3 Ba5 13. Nxa5 Qxa5 14. b4
Qc7 15. Bb2 e5 16. Nh4 Nh5 17. Nf5 g6 18. Nd6 Ng7 19. e4 Ba6 20. exd5 Bxf1 21.
Rxf1 cxd5 22. Bxd5 Rab8 23. Qc4 Nxc5 24. Nxf7 Nce6 25. Nh6+ Kh8 26. Bxe6 Qe7
27. Bxe5 Rbe8 28. Qc3 Rd8 29. Re1 Qxe6 30. Bxg7# 1-0

[Event "Werner-Ott-Open Kreuzberger Sommer 2018"]
[Site "Berlin"]
[Date "2018.07.02"]
[Round "3.17"]
[White "Scholta, Danilo"]
[Black "Jeremic, Dusan"]
[Result "0-1"]
[WhiteElo "1767"]
[BlackElo "2179"]
[Annotator "Stockfish 221017 64 (1m)"]
[PlyCount "36"]
[EventDate "2018.06.30"]
[EventType "swiss"]
[EventRounds "9"]
[EventCountry "GER"]
[WhiteTeam "SV Empor Berlin"]
[BlackTeam "SF Berlin 1903"]
[WhiteTeamCountry "GER"]
[BlackTeamCountry "GER"]

{C54: Italienische Partie (Hauptvariante)} 1. e4 e5 2. Nf3 Nc6 3. Bc4 Bc5 4. c3
Nf6 5. d4 exd4 6. e5 d5 7. exd6 (7. Be2 Ne4 8. cxd4 Bb6 9. Nc3 (9. O-O O-O 10.
Nc3 f6 11. exf6 Nxf6 12. Be3 Ne7 13. Nh4 Nf5 14. Nxf5 Bxf5 15. Rc1 c6 16. Bd3
Bxd3 17. Qxd3 Bc7 18. Ne2 Ng4 19. g3 Nxe3 20. fxe3 Qe7 21. Nf4 Bxf4 22. exf4
Rae8 23. Qc3 Qe3+ {Morczynski,J (1665)-Schubert,N (1802) Willingen, DEM 2018
U12, 0-1 (41)}) 9... O-O 10. Be3 Ne7 11. O-O c6 12. Rc1 Bf5 13. Qb3 Bg4 14. h3
Bh5 15. Rfe1 Nf5 16. Na4 Bxf3 17. Bxf3 Ng5 18. Bg4 Nxd4 19. Bxd4 Bxd4 20. Qxb7
Ne4 21. Re2 h5 {Socko,B (2599)-Carlsen,M (2850) Berlin Meierei Bolle, WM Blitz
2015, 0-1}) 7... Qxd6 8. b4 $146 (8. O-O O-O 9. b4 dxc3 10. Qxd6 Bxd6 11. Nxc3
Bxb4 12. Nd5 Nxd5 13. Bxd5 Ne7 14. Be4 f5 15. Bd3 b6 16. Bc4+ Kh8 17. Bb2 h6
18. Be5 Bb7 19. Rad1 Rad8 20. Nd4 Bd5 21. Bxd5 Rxd5 22. Bxc7 Bd6 {Getzuhn,D 
(1931)-Gruenwald,E (1684) Berlin, SC Friesen Lichtenberg, Lichtenberger Sommer
2003, 0-1 (76)}) 8... Bb6 9. O-O O-O 10. Qb3 dxc3 11. Ba3 Nd4 12. Nxd4 Qxd4 13.
Nxc3 Ng4 14. Ne2 Qe5 15. Ng3 Nxf2 16. Rab1 Be6 17. Rxf2 Bxf2+ 18. Kxf2 Qd4+ 0-1

[Event "Werner-Ott-Open Kreuzberger Sommer 2018"]
[Site "Berlin"]
[Date "2018.07.02"]
[Round "3.18"]
[White "Klatt, Jan"]
[Black "Nitsche, Nikolai"]
[Result "1-0"]
[WhiteElo "2177"]
[BlackElo "1726"]
[Annotator "Stockfish 221017 64 (1m)"]
[PlyCount "39"]
[EventDate "2018.06.30"]
[EventType "swiss"]
[EventRounds "9"]
[EventCountry "GER"]
[WhiteTeam "SG Guestrow"]
[BlackTeam "SV Empor Berlin"]
[WhiteTeamCountry "GER"]
[BlackTeamCountry "GER"]

{B24: Sizilianisch (Geschlossenes System)} 1. g3 d5 2. Bg2 Nf6 3. d3 e6 4. Nf3
c5 5. O-O Nc6 6. Nc3 $146 (6. c4 Be7 7. Na3 O-O 8. Bg5 h6 9. Bd2 b6 10. Re1 Bb7
11. Qa4 Qd7 12. Rad1 Rfd8 13. cxd5 exd5 14. Qb3 d4 15. Nc4 Nd5 16. e4 dxe3 17.
fxe3 Bf6 18. e4 Nd4 19. Nxd4 Bxd4+ 20. Kh1 Nf6 {Fries Nielsen,J (2425)
-Abramovic,B (2465) Berlin, Int. Turnier Lasker Steglitz 1989 0-1 (59)}) (6. b3
Be7 7. Bb2 Qc7 8. Nc3 b6 9. e3 Bb7 10. h3 O-O 11. a3 Rad8 12. Ne2 e5 13. Nd2
Rfe8 14. Kh2 Bd6 15. Nc3 Bf8 16. e4 dxe4 17. Ncxe4 Nxe4 18. Nxe4 Nd4 19. c3 Ne6
20. Qg4 Be7 {Bonke,H (2011)-Schmidbauer,M (2242), Berlin, SC Kreuzberg, WOOKS
2014, 0-1 (67)}) (6. c3 Be7 7. a3 O-O (7... a6 8. b4 O-O 9. Nbd2 b5 10. Nb3 c4
11. Nbd4 Nxd4 12. Nxd4 Qc7 13. dxc4 Qxc4 14. Qd3 Qc7 15. Bg5 h6 16. Bxf6 Bxf6
17. Rfc1 Rd8 18. a4 bxa4 19. Rxa4 e5 20. Nb3 Bd7 21. Raa1 Bb5 22. Qd2 {Kunin,V
(2544)-Carlstedt,J (2339) Berlin 2009 IX. DBMM Schach [rs] 1/2-1/2 (71)}) 8. b4
b6 9. Nbd2 Bb7 10. Rb1 Qc7 11. Re1 Rfd8 12. Nf1 h6 13. Qb3 Rac8 14. Qa2 Ba8 15.
Bd2 Bd6 16. Rec1 Qe7 17. Ne3 Rc7 18. Rc2 Rdc8 19. Rbc1 Qd7 20. d4 Ne4 {Schoene,
R (2425)-Michaelsen,N (2440) Magdeburg, 1. Bundesliga 1998/99, 1999 0-1 (42)})
6... Be7 7. e4 O-O 8. Bf4 a6 9. Re1 b5 10. exd5 exd5 11. d4 b4 12. Na4 c4 13.
Ne5 Bb7 14. Bg5 Rc8 15. c3 a5 16. Bxf6 Bxf6 17. Nc5 Rc7 18. Nxb7 Qb8 19. Nxc6
Rxc6 20. Nc5 (20. Nc5 Qd6 21. Nb7 $18) 1-0

[Event "Werner-Ott-Open Kreuzberger Sommer 2018"]
[Site "Berlin"]
[Date "2018.07.02"]
[Round "3.19"]
[White "Rouditser, Benjamin"]
[Black "Zschaebitz, Klaus"]
[Result "1-0"]
[WhiteElo "1739"]
[BlackElo "2082"]
[Annotator "Stockfish 221017 64 (1m)"]
[PlyCount "125"]
[EventDate "2018.06.30"]
[EventType "swiss"]
[EventRounds "9"]
[EventCountry "GER"]
[WhiteTeam "SVg Lasker Steglitz-Wilmersdorf"]
[BlackTeam "BSG 1827 Eckbauer"]
[WhiteTeamCountry "GER"]
[BlackTeamCountry "GER"]

{[%mdl 8192] E42: Nimzoindisch (Rubinstein-System)} 1. d4 Nf6 2. c4 e6 3. Nc3
Bb4 4. e3 c5 5. Nge2 d6 6. a3 Ba5 7. Bd2 $146 (7. Rb1 Nc6 (7... Bc7 8. Nb5 Nc6
9. Nxc7+ Qxc7 10. Nc3 O-O 11. b4 a6 12. b5 Ne7 13. Be2 e5 14. b6 Qd8 15. d5 Bf5
16. Bd3 e4 17. Be2 Nc8 18. g4 Bg6 19. h4 h6 20. Na4 Nd7 21. Bd2 Ne5 22. Bc3 {
Gebigke,M (2165)-Shapiro,Y (2049) Berlin, Kreuzberg Open 2001 1-0 (54)}) 8. g3
Ne4 9. b4 Nxc3 10. Nxc3 Bb6 11. dxc5 dxc5 12. Qxd8+ Kxd8 13. Ne4 e5 14. bxc5
Bf5 15. Bd3 Ba5+ 16. Bd2 Bxd2+ 17. Kxd2 Bxe4 18. Bxe4 Kc7 19. Kc3 b6 20. Rb5 f6
21. Rhb1 Rab8 {Rietze,C (2330)-Johansson,T (2222) Berlin, WOOKS 2016, 1-0})
7... O-O 8. Nf4 Qe7 9. Nb5 Bb6 10. dxc5 dxc5 11. Bd3 Rd8 12. Bc2 e5 13. Ne2 Be6
14. b3 Nc6 15. O-O {(=)} Rd7 16. Qe1 Rad8 17. Rd1 e4 18. Ng3 Bg4 19. f3 exf3
20. gxf3 Bh3 21. Rf2 Qe6 22. Nc3 Ne5 23. Qe2 Nd3 24. Bxd3 Rxd3 25. e4 R8d4 26.
Be1 Qd7 27. Rxd3 Rxd3 28. e5 Ne8 29. Nge4 Bf5 30. Qc2 Bxe4 31. Nxe4 Rd1 32. Re2
Ba5 33. b4 cxb4 34. Nd6 Ra1 35. Kg2 Rxa3 36. Qe4 b3 37. Bxa5 Rxa5 38. Nxe8 Qxe8
39. Qxb7 h6 40. Qxb3 Qc6 41. Re4 Kh7 42. c5 Qg6+ 43. Rg4 Qf5 44. Qd5 g6 45. Re4
Ra3 46. Rd4 Re3 47. Kf2 Rxe5 48. Qd7 Rxc5 49. Qxa7 $4 Rc2+ 50. Kg3 Qe5+ 51. Rf4
Qe1+ 52. Kg4 Qe6+ 53. Kg3 Kg8 54. Qa8+ Kg7 55. Qa1+ {R} Kg8 56. Qa8+ Rc8 57.
Qe4 Qd6 58. Qd4 Qc7 59. Kh3 Qc1 60. Re4 Qg5 61. Qd7 Qh5+ 62. Kg3 Rc5 $4 63.
Re8+ 1-0

[Event "Werner-Ott-Open Kreuzberger Sommer 2018"]
[Site "Berlin"]
[Date "2018.07.02"]
[Round "3.20"]
[White "Baumeister, Wolfgang"]
[Black "Krueger, Robin Kevin"]
[Result "0-1"]
[WhiteElo "1730"]
[BlackElo "1942"]
[Annotator "Stockfish 221017 64 (1m)"]
[PlyCount "28"]
[EventDate "2018.06.30"]
[EventType "swiss"]
[EventRounds "9"]
[EventCountry "GER"]
[WhiteTeam "SC Kreuzberg"]
[BlackTeam "MTV Tostedt"]
[WhiteTeamCountry "GER"]
[BlackTeamCountry "GER"]

{C48: Vierspringerspiel (Rubinstein-Variante)} 1. e4 e5 2. Nf3 Nc6 3. Nc3 Nf6
4. Bb5 Bc5 5. Nxe5 Nxe5 6. d4 a6 $146 (6... Ng6 7. dxc5 O-O 8. O-O d6 9. cxd6
cxd6 10. Bg5 a6 11. Bd3 Be6 12. e5 dxe5 13. Bxg6 fxg6 14. Bxf6 Qxf6 15. Ne4 Qh4
16. f3 Rad8 17. Qe2 Rc8 18. Rac1 Bc4 19. Qf2 Qxf2+ 20. Rxf2 Bxa2 21. c3 {
Dankovic,B (794)-Gugulaschwili,N Berlin, BJEM 2010 U10, 2. Vorrunde, 2009 0-1 
(49)}) (6... Nc6 7. dxc5 O-O 8. O-O Re8 9. Bd3 Nb4 10. Bg5 h6 11. Bf4 Nxd3 12.
cxd3 b6 13. cxb6 cxb6 14. Nb5 Ba6 15. Nc7 Rc8 16. Nxe8 Qxe8 17. Re1 h5 18. Qa4
Bb7 19. Qxa7 Ba8 20. f3 Qe6 21. a4 {Haeger,S-Moulart,A Berlin, BJEM 2012 U12,
2. Vorrunde, 2011 0-1}) (6... Qe7 7. dxc5 Qxc5 8. Be2 Qb4 9. a3 Qa5 10. b4 Qb6
11. O-O d6 12. Be3 c5 13. Rb1 Qc7 14. Nb5 Qe7 15. Nxd6+ Kf8 16. Nxc8 Rxc8 17.
Bxc5 Rxc5 18. bxc5 Nxe4 19. Qd4 Nxc5 20. Rfd1 Nc6 21. Qg4 {Schacht,T-Kitzler,G
Berlin SC Friesen Lichtenberg, Lichtenberger Sommer 2005 1-0 (34)}) 7. f4 axb5
8. fxe5 b4 9. dxc5 bxc3 10. exf6 Qxf6 11. Qf3 cxb2 12. Bxb2 Qxb2 13. O-O O-O
14. a4 Qd4+ 0-1